000 00740nam a22002177a 4500
999 _c63374
_d63374
005 20240530110637.0
008 170926s2011 ua g 000 0 ara d
017 _a2010/21769
_bمصر. دار الكتب
020 _a9775550182
040 _aEG-CaGPL
_cEG-CaGPL
082 0 4 _221
_a273.2908\
_bس م
100 0 _aسيف الله احمد فاضل .
245 1 0 _aماذا قال عيسى عليه السلام /
_cسيف الله احمد فاضل .
250 _aط.1
260 _aالقاهرة :
_bدار القلم للنشر و التوزيع ،
_c2011 .
300 _a580 ص ؛
_c24 سم .
650 0 7 _2qrmak
_aالمسيح .
650 0 7 _2qrmak
_aالمسيح
_xكلمات .
942 _2ddc
_cBK